LEADER 01069nam a2200229 4500 001 000000356572 003 CaOOAMICUS 005 20231221124059.0 008 231221s1819 it a 000 u ita r 026 $eoio, 1.el o.*- quDi (7) 1819 (R) 040 $aSeMil$bita 100 11$aVisconti, Ennio Quirino,$d<1751-1818>.$0(OLS)http://semarc/name/40664 245 10$aVolume 2. 264 1$aMilano :$bPer Nicolò Bettoni,$c1819. 300 $a333, [3] p., [53], VII, VII carte di tav. di cui 2 ripieg. :$bill. calcogr. ;$c8° 500 $aSegn.: [1]? 2-42? 773 0 $aVisconti, Ennio Quirino <1751-1818>$t1: Il Museo Pio Clementino illustrato e descritto da Giambattista ed Ennio Quirino Visconti. Volume 1. [-7.].$dBrescia : Per Nicolò Bettoni, 1818-1822.$g2$w()356570 850 $aSeMil 852 $aSeMil$W1$xVenegono$y1$m3W IV 103 FA$j245238$B247729$CSeMilBibl$Z2$F247729 $8I 996 $6245$aVolume 2$9(OLS)http://semarc/title/11564 996 $6264$aMilano :$bPer Nicolò Bettoni$9(OLS)http://semarc/publisher/36549 LEADER 00981nam a2200229 i 4500 001 000000057435 003 CaOOAMICUS 005 20100408000000.0 008 100408s1968 fr u000 u fre u 013 $a28607 040 $aSeMil$bita 100 1 $aKelly, John Norman Davidson,$d<1909-1997>.$0(OLS)http://semarc/name/23502 245 10$aInitiation a la doctrine des Pères de l'Église /$cPar J. N. D. Kelly ; traduit de l'anglais par C. Tunmer. 260 $aParis :$bLes Éditions du Cerf,$c1968. 300 $a531 p. ;$c22 cm. 650 4$aPatrologia.$0(OLS)http://semarc/subject/947 700 1 $aTunmer, C. .$0(OLS)http://semarc/name/29199 850 $aSeMil 852 $aSeMil$W1$xVenegono$y1$m2T III 187$j23589$B23589$CSeMilBibl$Z2$F23591 $81 961 $aAcquisto: Casa editrice 996 $6245$aInitiation a la doctrine des Pères de l'Église$9(OLS)http://semarc/title/89393 996 $6260$aParis :$bLes Éditions du Cerf$9(OLS)http://semarc/publisher/29611